书目信息 |
| 题名: |
写给管理者的睡前故事
|
|
| 作者: | 明茨伯格 著 ;薛香玲 , 徐二明 译 | |
| 分册: | ||
| 出版信息: | 北京 机械工业出版社 2020.04 |
|
| 页数: | XII, 203页 | |
| 开本: | 21cm | |
| 丛书名: | ||
| 单 册: | ||
| 中图分类: | C93-49 | |
| 科图分类: | ||
| 主题词: | 管理学--guan li xue--通俗读物 | |
| 电子资源: | ||
| ISBN: | 978-7-111-64924-3 | |
| 000 | 01350nam0 2200289 450 | |
| 001 | 2050040319 | |
| 005 | 20201106135408.75 | |
| 010 | @a978-7-111-64924-3@dCNY49.00 | |
| 100 | @a20200513d2020 em y0chiy50 ea | |
| 101 | 1 | @achi@ceng |
| 102 | @aCN@b110000 | |
| 105 | @aa z 000yy | |
| 200 | 1 | @a写给管理者的睡前故事@Axie gei guan li zhe de shui qian gu shi@f(加) 亨利·明茨伯格著@d= Bedtime stories for managers@efarewell to lofit leadership ... welcome engaging management@fHenry Mintzberg@g薛香玲, 徐二明译@zeng |
| 210 | @a北京@c机械工业出版社@d2020.04 | |
| 215 | @aXII, 203页@c图@d21cm | |
| 300 | @a华章经营 领教工坊 | |
| 306 | @a由Henry Mintzberg通过Andrew Nurnberg Associates International Ltd.授权出版 | |
| 314 | @a亨利·明茨伯格, 当今世界最杰出的管理思想家之一。 | |
| 330 | @a本书通过小故事、配图、观点阐述, 引发读者对管理的深刻思考, 内容包括: 管理的故事 ; 组织的故事 ; 分析的故事 ; 发展的故事 ; 情境的故事 ; 责任的故事 ; 明天的故事。 | |
| 500 | 10 | @aBedtime stories for managers : farewell to lofit leadership ... welcome engaging management@mChinese |
| 606 | 0 | @a管理学@Aguan li xue@j通俗读物 |
| 690 | @aC93-49@v5 | |
| 701 | 1 | @a明茨伯格@Aming ci bo ge@g(Mintzberg, Henry)@4著 |
| 702 | 0 | @a薛香玲@Axue xiang ling@4译 |
| 702 | 0 | @a徐二明@Axu er ming@4译 |
| 801 | 0 | @aCN@b人天书店@c20201003 |
| 905 | @aZUCC@dC93-49@eM803 | |
| 写给管理者的睡前故事/(加) 亨利·明茨伯格著= Bedtime stories for managers:farewell to lofit leadership ... welcome engaging management/Henry Mintzberg/薛香玲, 徐二明译.-北京:机械工业出版社,2020.04 |
| XII, 203页:图;21cm |
| 华章经营 领教工坊 |
| ISBN 978-7-111-64924-3:CNY49.00 |
| 本书通过小故事、配图、观点阐述, 引发读者对管理的深刻思考, 内容包括: 管理的故事 ; 组织的故事 ; 分析的故事 ; 发展的故事 ; 情境的故事 ; 责任的故事 ; 明天的故事。 |
| ● |
| 相关链接 |
|
|
|
正题名:写给管理者的睡前故事
索取号:C93-49/M803
 
预约/预借
| 序号 | 登录号 | 条形码 | 馆藏地/架位号 | 状态 | 备注 |
| 1 | 1482457 | 214824573 | 社科库509/509社科库 64排4列4层/ [索取号:C93-49/M803] | 在馆 | |
| 2 | 1482458 | 214824582 | 社科库509/509社科库 64排4列4层/ [索取号:C93-49/M803] | 在馆 | |
| 3 | 1482459 | 214824591 | 社科库509/509社科库 64排4列4层/ [索取号:C93-49/M803] | 在馆 |